Catálogo público

Normal view MARC view

Entry Término temático

Number of records used in: 1

001 - NÚMERO DE CONTROL

  • campo de control: 172931

003 - IDENTIFICADOR DEL NÚMERO DE CONTROL

  • campo de control: OSt

005 - FECHA Y HORA DE LA ÚLTIMA TRANSACCIÓN

  • campo de control: 20220127161230.0

008 - DATOS DE LONGITUD FIJA

  • campo de control de longitud fija: 220127|| aca||aabn | a|a d

040 ## - FUENTE DE LA CATALOGACIÓN

  • Centro catalogador/agencia de origen: OSt
  • Centro/agencia transcriptor: OSt

150 ## - ENCABEZAMIENTO--TÉRMINO DE MATERIA

  • Término de materia o nombre geográfico como elemento de entrada:
  • Subdivisión general: Afididos
  • Subdivisión general: Colecciones de escritos
  • Subdivisión general: Migración de afididos
  • Subdivisión general: Afididos
  • Subdivisión general: reproducción
  • Subdivisión general: Luz
  • Subdivisión general: Efecto en afididos

670 ## - FUENTE DE DATOS ENCONTRADOS

  • Cita de la fuente: Work cat.: (OSt)206617: Marcovitch, S. 71308, The migration of the aphididae and the appearance of the sexual forms as affected by the relative lenght of daily light exposure /